000 00315nam a2200121Ia 4500
008 220204s9999 xx 000 0 und d
082 _a65:159.9
_bHOD
100 _aAltman, Steven
245 0 _aOrganizational behaviour
260 _aPhiladelphia
_bW B Saunders
_c1979
700 _aHodgetts, Richard M
942 _cBK
999 _c35003
_d35003